| 000 | 01232nam a2200313 i 4500 | ||
|---|---|---|---|
| 001 | 9003 | ||
| 003 | KOSZ 005 | ||
| 005 | 20210701123411.0 | ||
| 008 | 081016s1956 pl a f 001 0 pol | ||
| 015 | _aPB 1957/1321 | ||
| 040 |
_aWA N _cWA N _dKOSZ 005/RW |
||
| 080 | _a546+54 | ||
| 100 | 1 |
_aTołłoczko, Stanisław _d(1868-1935) _eAutor |
|
| 245 | 1 | 0 |
_aChemia nieorganiczna łącznie z zasadami chemii ogólnej / _cStanisław Tołłoczko, Wiktor Kemula. |
| 250 | _aWyd. 3 powojenne. | ||
| 260 |
_aWarszawa : _bPaństwowe Wydawnictwo Naukowe, _c1956. |
||
| 300 |
_a671 s., [1] k. tabl. : _bil. ; _c25 cm. |
||
| 380 | _aKsiążki. | ||
| 500 | _aWyd. 11 dawnego podręcznika L. Brunnera i S. Tołłoczki. | ||
| 504 | _aIndeks. | ||
| 521 | 8 | _aDla studentów chemii na wyższych uczelniach oraz jako pomoc dla nauczycieli chemii w szkołach ogólnokształcących i zawodowych. | |
| 650 | 4 | _aChemia | |
| 650 | 4 | _aChemia nieorganiczna | |
| 655 | 4 | _aPodręcznik | |
| 710 | 2 |
_aPaństwowe Wydawnictwo Naukowe _4pbl. |
|
| 700 | 1 |
_aKemula, Wiktor _d(1902-1985) _eAutor |
|
| 856 |
_uhttp://koha.tu.koszalin.pl/cgi-bin/koha/opac-detail.pl?biblionumber=9003 _yKatalog online BPK |
||
| 942 |
_2UKD _cKS |
||
| 999 |
_c9003 _d9003 |
||